000 00298nam a22001337a 4500
008 181101b xxu||||| |||| 00| 0 eng d
020 _a0697049612
041 _aeng
080 _24th
_a611
100 _a6
101 _aANA
245 _aHuman Anatomy and Physiology
_cHole,J.W
942 _2udc
_cBK
999 _c51398
_d51398